[Event "Milovan Prvulj Mem"]
[Site "Pancevo YUG"]
[Date "2003.02.28"]
[Round "1"]
[White "Vasovski,N"]
[Black "Orlov,P"]
[Result "1/2-1/2"]
[WhiteElo "2325"]
[BlackElo "2369"]

1.d4 f5 2.Nf3 Nf6 3.c4 g6 4.g3 Bg7 5.Bg2 O-O 6.O-O d6 7.Nc3 Nc6 8.d5 Na5
9.Qd3 c5 10.b3 Ng4 11.Rb1 Bd7 12.Ng5 a6 13.f4 Rb8 14.h3 Nf6 15.Ne6 Bxe6 16.dxe6 Nc6
17.a3 Qc8 18.Bd5 b5 19.e4 b4 20.axb4 Nxb4 21.Qf3 fxe4 22.Nxe4 Nfxd5 23.cxd5 Nxd5
24.Nxd6 Qxe6 25.Ne4 Qxh3 26.Bb2 Nf6 27.Ng5 Qf5 28.Rbe1 Rfd8 29.Rxe7 Rd3 30.Re3 Rxe3
31.Qxe3 Nd5 32.Qe2 Bxb2 33.Qxb2 c4 34.Qh2 Nf6 35.bxc4 Qc5+ 36.Qf2 Qxc4 37.Qa7 Rc8
38.Re1 Qb3 39.Qe3 Qxe3+ 40.Rxe3 a5 41.Re6 Nh5 42.Re7 Ra8 43.Nxh7 a4 44.g4 Nxf4
45.Nf6+ Kf8 46.Re4 a3 47.Nd7+ Kg7 48.Rxf4 a2 49.Rf1 a1=Q 50.Rxa1 Rxa1+ 51.Kf2 Kh6
52.Ne5 Kg5 53.Kg3 Kf6 54.Nf3 Ra4 55.Kh3 Ra5 56.Kg3 Rb5 57.Kf4 Rb4+ 58.Kg3 Rb8
59.Kf4 Rf8 60.Kg3 Rd8 61.Kf4 Rd5 62.Kg3 g5 63.Kf2 Ra5 64.Kg2 Ra4 65.Kg3 Rb4  1/2-1/2

[Event "1st Festival"]
[Site "Nancy FRA"]
[Date "2003.03.03"]
[Round "1"]
[White "Barpiyeva,G"]
[Black "Sarakauskas,G"]
[Result "1/2-1/2"]
[WhiteElo "2205"]
[BlackElo "2380"]

1.d4 g6 2.Nf3 Bg7 3.g3 f5 4.Bg2 Nf6 5.O-O O-O 6.c4 d6 7.Nc3 Nc6 8.d5 Ne5
9.Qb3 Nh5 10.e3 h6 11.Nd4 g5 12.Nce2 Nf6 13.f4 Ned7 14.fxg5 Nc5 15.Qc2 hxg5
16.Nxf5 Bxf5 17.Rxf5 Nh7 18.Nd4 Rxf5 19.Qxf5 Qf8 20.Qxf8+ Nxf8 21.Bd2 Nfd7
22.Rf1 Ne5 23.b3 a5 24.Nf3 Ne4 25.Bc1 Nd3 26.Bh3 Rf8 27.Kg2  1/2-1/2

[Event "FSIMB March"]
[Site "Budapest HUN"]
[Date "2003.03.04"]
[Round "4"]
[White "Kovacs,Ga1"]
[Black "Lamprecht,M"]
[Result "1-0"]
[WhiteElo "2186"]
[BlackElo "2263"]

1.c4 f5 2.Nf3 Nf6 3.g3 g6 4.Bg2 Bg7 5.O-O O-O 6.d4 c6 7.Nc3 d6 8.d5 e5 9.dxe6 Bxe6
10.Qd3 Na6 11.Ng5 Nc5 12.Nxe6 Nxe6 13.Rd1 Ne8 14.b4 f4 15.Bd2 Qb6 16.Be1 Qd4
17.Rac1 a6 18.Bh3 Ng5 19.Qxd4 Nxh3+ 20.Kg2 Bxd4 21.Rxd4 fxg3 22.hxg3 Ng5
23.a4 Ne6 24.Rd3 Rd8 25.Ne4 d5 26.cxd5 Rxd5 27.Rxd5 cxd5 28.Nc5 Nxc5 29.Rxc5 Nf6
30.f3 Rd8 31.Bd2 Rd7 32.e3 Kf7 33.Kf2 Ne8 34.Ke2 Nc7 35.Kd3 Ke7 36.Rc1 Ne6
37.g4 Kf6 38.Bc3+ Kg5 39.Rg1 h5 40.f4+ Kh6 41.Be5 Nd8 42.gxh5 Kxh5 43.Ke2 Nf7
44.Bf6 g5 45.f5 Rd6 46.Kf3  1-0

[Event "Jch-RUS b20"]
[Site "Essentuki RUS"]
[Date "2003.03.04"]
[Round "3"]
[White "Iljin,A"]
[Black "Kosintseva,N"]
[Result "1/2-1/2"]
[WhiteElo "2462"]
[BlackElo "2417"]

1.Nf3 f5 2.c4 Nf6 3.d4 g6 4.g3 Bg7 5.Bg2 O-O 6.O-O d6 7.Nc3 c6 8.Qb3 Na6
9.Rd1 Qe8 10.c5+ Kh8 11.cxd6 exd6 12.d5 Ne4 13.Bf4 Nac5 14.Qa3 Nxc3 15.bxc3 Ne4
16.Bxd6 Nxd6 17.Qxd6 cxd5 18.Nd4 Bd7 19.Qxd5 Bc6 20.Nxc6 Qxc6 21.Qxc6 bxc6
22.Rd3 Rab8 23.Bf3 Rb2 24.Rd7 a5 25.Ra7 Rd8 26.a4 Rb3 27.Rc1 Bxc3 28.Bxc6 Bb4
29.Bb5 Rc3 30.Rxc3 Bxc3 31.h3 Bb4 32.Kg2 Rd5 33.Kf3 Rc5 34.g4 Re5 35.e3 fxg4+
36.hxg4 Re7 37.Ra8+ Kg7 38.Bc4 Rc7 39.Bd5 g5 40.Ke4 h6 41.Kf5 Re7 42.Ra6 Bc3
43.Rg6+ Kh7 44.Bg8+  1/2-1/2

[Event "FSIMB March"]
[Site "Budapest HUN"]
[Date "2003.03.11"]
[Round "11"]
[White "Berczes,D"]
[Black "Lamprecht,M"]
[Result "0-1"]
[WhiteElo "2261"]
[BlackElo "2263"]

1.d4 f5 2.g3 Nf6 3.Bg2 g6 4.Nf3 Bg7 5.O-O O-O 6.c4 c6 7.Nc3 d6 8.d5 e5 9.dxe6 Bxe6
10.b3 Na6 11.Bb2 Qc7 12.Ng5 Rfe8 13.Qc2 Rad8 14.Nxe6 Rxe6 15.Rad1 Nc5 16.e3 Nce4
17.Nxe4 Nxe4 18.Bxg7 Qxg7 19.Rd4 Qe7 20.Rfd1 Rf8 21.Qb2 a6 22.Qa3 Nc3 23.Re1 Qf6
24.Rd3 Ne4 25.b4 h5 26.f3 Ng5 27.h4 Nf7 28.f4 Rfe8 29.Qb3 Nh6 30.Bf3 Ng4
31.Bxg4 hxg4 32.Kf2 Qe7 33.a4 Rf6 34.Rc1 Qe4 35.Qd1 c5 36.bxc5 dxc5 37.a5 b6
38.Rcc3 bxa5 39.Rd7 Rb6 40.Qd5+ Qxd5 41.cxd5 Rb2+ 42.Kf1 Reb8 43.Rxc5 Rh2
44.Kg1 Rd2 45.Rc1 a4 46.Rdc7 a3 47.Ra1 a2 48.Rcc1 Rbb2 49.Kf1 Rxd5 50.Ke1 Rdd2
51.Kf1 Rh2 52.Kg1 Rbg2+ 53.Kf1 Rxg3 54.Rc8+ Kg7 55.Rac1 Rh1+ 56.Ke2 Rg2+
57.Kd3 a1=Q 58.R1c7+ Kh6  0-1

[Event "Stroer Trophy"]
[Site "Cannes FRA"]
[Date "2003.03.11"]
[Round "5"]
[White "Zhao Xue"]
[Black "Flear,C"]
[Result "1-0"]
[WhiteElo "2428"]
[BlackElo "2213"]

1.d4 f5 2.c4 Nf6 3.Nf3 g6 4.g3 Bg7 5.Bg2 O-O 6.O-O d6 7.Nc3 Qe8 8.d5 a5 9.Nd4 Na6
10.b3 Bd7 11.Bb2 g5 12.e3 Qg6 13.f4 Ng4 14.Qd2 Nc5 15.Rae1 Rac8 16.a3 Rf7
17.b4 axb4 18.axb4 Ne4 19.Nxe4 fxe4 20.Qc2 gxf4 21.Bxe4 Qh5 22.exf4 Ra8 23.Ne6 Bxb2
24.Qxb2 Ra4 25.Bf3 Bxe6 26.dxe6 Rf8 27.Qe2 Rxb4 28.Bxg4 Qc5+ 29.Rf2 Rxc4
30.Bh5 Ra8 31.Bf7+ Kf8 32.Qg4  1-0

[Event "TCh-AUT 2002-3"]
[Site "Fuerstenfeld AUT"]
[Date "2003.03.14"]
[Round "9"]
[White "Ebner,H"]
[Black "Rigo,Ja"]
[Result "0-1"]
[WhiteElo "2235"]
[BlackElo "2323"]

1.d4 f5 2.g3 g6 3.Bg2 Bg7 4.Nf3 Nf6 5.O-O O-O 6.c4 d6 7.b4 Ne4 8.Bb2 c5 9.bxc5 dxc5
10.Nc3 Nc6 11.e3 Be6 12.Qa4 Qa5 13.Qxa5 Nxa5 14.Nxe4 fxe4 15.Ng5 Bxc4 16.Rfc1 cxd4
17.Bxd4 Bxd4 18.exd4 Rad8 19.Nxe4 Rxd4 20.Rc3 Rfd8 21.h4 b5 22.a3 Nb3 23.Re1 Rd1
24.Re3 Rxe1+ 25.Rxe1 Nd4 26.Ng5 e6 27.Re5 Bd5 28.Re1 h6 29.Ne4 Kf7 30.Rb1 a6
31.a4 Ne2+ 32.Kh2 Bxe4 33.Bxe4 Nc3 34.Re1 Nxa4 35.Rc1 b4 36.Rc7+ Kf6 37.f4 Nc3
38.Bf3 h5 39.g4 hxg4 40.Bxg4 Rd2+ 41.Kg3 Rd3+ 42.Kg2 Nd5 43.Rc6 Nxf4+ 44.Kh2 a5
45.Rb6 b3  0-1

[Event "Schwarzwald Open"]
[Site "Bad Wildbad GER"]
[Date "2003.04.06"]
[Round "2"]
[White "Vorobyov,Y"]
[Black "Sturm,B"]
[Result "1-0"]
[WhiteElo "2296"]
[BlackElo "2130"]

1.c4 f5 2.d4 Nf6 3.g3 g6 4.Bg2 Bg7 5.Nf3 O-O 6.O-O d6 7.Nc3 Qe8 8.d5 Na6
9.Nd4 Bd7 10.Rb1 c6 11.Re1 Nc7 12.Bg5 c5 13.Nc2 b5 14.cxb5 Nxb5 15.Nxb5 Bxb5
16.Na3 Rb8 17.Nxb5 Rxb5 18.Qc2 h6 19.Bd2 Qf7 20.Qd3 a6 21.b3 Ne4 22.Be3 Nc3
23.Ra1 g5 24.f4 g4 25.Rec1 Ne4 26.Rab1 e6 27.dxe6 Qxe6 28.Rd1 Rb6 29.Bxe4 fxe4
30.Qd5 Kf7 31.f5 Qxd5 32.Rxd5 Ke7 33.Rbd1 Rc6 34.Bf4 Rd8 35.Kf2 Bd4+ 36.e3 Bg7
37.Ke2 Bf8 38.Rc1 Kd7 39.Rc4 Re8 40.Kd2 Bg7 41.Kc2 Rc7 42.b4 cxb4 43.Rxc7+ Kxc7
44.Rxd6 Kb7 45.f6 Rc8+ 46.Kb2 Bh8 47.Kb3 Rf8 48.Be5 Rf7 49.Kxb4 Rf8 50.Bd4 Ra8
51.Ka5 h5 52.Rb6+  1-0

[Event "National I"]
[Site "Besancon FRA"]
[Date "2003.04.06"]
[Round "6"]
[White "Chabanon,JL"]
[Black "Koch,JR"]
[Result "1-0"]
[WhiteElo "2492"]
[BlackElo "2479"]

1.d4 f5 2.Nf3 Nf6 3.g3 g6 4.Bg2 Bg7 5.O-O O-O 6.c4 d6 7.Nc3 Qe8 8.d5 a5 9.Ne1 Na6
10.Nd3 Qf7 11.Rb1 Bd7 12.a3 Rab8 13.b4 axb4 14.axb4 e5 15.b5 Nc5 16.Nxc5 dxc5
17.b6 Rfc8 18.bxc7 Rxc7 19.Nb5 Bxb5 20.Rxb5 Bf8 21.Bb2 Bd6 22.Qb3 Nd7 23.e4 Kf8
24.Ra1 b6 25.Qf3 Kg8 26.Bh3 Rf8 27.Bc1 Kg7 28.Ra2 Rb7 29.Qe2 Qe7 30.exf5 gxf5
31.Rb3 e4 32.f4 exf3 33.Rxf3 Kg6 34.Qxe7 Bxe7 35.Re2 Bg5 36.Re6+ Rf6 37.Bxf5+ Kh6
38.Bxg5+ Kxg5 39.h4+ Kh5 40.Re7 h6 41.Kg2  1-0

[Event "XXI Open"]
[Site "Metz FRA"]
[Date "2003.04.25"]
[Round "7"]
[White "Pucher,O"]
[Black "Philippe,C"]
[Result "1/2-1/2"]
[WhiteElo "2166"]
[BlackElo "2318"]

1.d4 g6 2.Nf3 Bg7 3.c4 f5 4.g3 Nf6 5.Bg2 O-O 6.O-O d6 7.Nc3 Qe8 8.Re1 Qf7
9.Ng5 Qxc4 10.Bf1 Qc6 11.Qb3+ d5 12.e4 fxe4 13.Ngxe4 Kh8 14.Nxf6 Qxf6 15.Bf4 c6
16.Rad1 Nd7 17.h4 h6 18.Qc2 g5 19.hxg5 hxg5 20.Bc7 Nb6 21.Be5 Qh6 22.Bxg7+ Qxg7
23.Qe2 Qf6 24.Rd2 Rf7 25.Qh5+ Kg8 26.Re5 Bf5 27.f4 g4 28.Bd3 e6 29.Bxf5 exf5
30.Rh2 Qg7 31.Ne2 Raf8 32.Re6 Rf6 33.Rxf6 Rxf6 34.Qe8+ Rf8 35.Qe6+ Qf7 36.Qh6 Qg7
37.Qe6+ Qf7 38.Qh6 Qg7 39.Qe6+ Qf7  1/2-1/2

[Event "FSGM May"]
[Site "Budapest HUN"]
[Date "2003.05.05"]
[Round "3"]
[White "Kelly,B"]
[Black "McDonald,N"]
[Result "1/2-1/2"]
[WhiteElo "2468"]
[BlackElo "2392"]

1.d4 f5 2.g3 Nf6 3.Bg2 g6 4.Nf3 Bg7 5.O-O O-O 6.c4 d6 7.Nc3 c6 8.d5 e5 9.dxe6 Bxe6
10.Qd3 Nbd7 11.Bf4 Nb6 12.b3 d5 13.Ng5 Qe7 14.Nxe6 Qxe6 15.cxd5 Nfxd5 16.Nxd5 Nxd5
17.Bxd5 cxd5 18.Rac1 Rac8 19.Qb5 b6 20.Rfd1 d4 21.Rxc8 Rxc8 22.Rc1 Rxc1+
23.Bxc1 h6 24.Bf4 Qe4 25.a4 Kh7 26.h4 Bf6 27.Qc4 Bg7 28.b4 Qb1+ 29.Kg2 Qe4+
30.f3 Qe7 31.b5 Be5 32.Bd2 Bd6 33.Qd3 Qe6 34.Be1 Bc5 35.Bf2 h5 36.Kf1 Qd5
37.Qc2 Kg8  1/2-1/2

[Event "FSGM May"]
[Site "Budapest HUN"]
[Date "2003.05.07"]
[Round "5"]
[White "Horvath,P1"]
[Black "McDonald,N"]
[Result "1-0"]
[WhiteElo "2456"]
[BlackElo "2392"]

1.d4 f5 2.c4 Nf6 3.g3 g6 4.Bg2 Bg7 5.Nf3 O-O 6.O-O d6 7.Nc3 c6 8.d5 e5 9.dxe6 Bxe6
10.b3 Na6 11.Bb2 Qe7 12.Ng5 Nc5 13.Nxe6 Qxe6 14.Qc2 Rad8 15.Rad1 Rfe8 16.e3 Nfe4
17.Ne2 Bxb2 18.Qxb2 a6 19.Qc2 Qe5 20.b4 Nd7 21.Rd3 Qe7 22.a3 Ne5 23.Rd4 b5
24.cxb5 axb5 25.a4 bxa4 26.Qxa4 d5 27.Nf4 g5 28.Nd3 Ra8 29.Qc2 Nc4 30.b5 cxb5
31.Rxd5 Ncd6 32.Bxe4 fxe4 33.Ne5 Rac8 34.Qd1 Qg7 35.Rxd6 Rxe5 36.Rd7 Qf6
37.Qh5 h6 38.Qd1 Rce8 39.Qd4 R8e7 40.Rc1 Kf7 41.Rd6 R5e6 42.Qd5 Kg7 43.Rxe6 Rxe6
44.Qxb5 Kg6 45.Qd5 Qf5 46.Qd7 Qf7 47.Qd4 Qf6 48.Qd5 Qf5 49.Qxf5+ Kxf5 50.Rc5+ Kf6
51.g4 Kg6 52.Kg2 h5 53.h4 gxh4 54.Rxh5 Rf6 55.Re5 h3+ 56.Kxh3 Rxf2 57.Rxe4 Kg5
58.Kg3 Re2 59.Kf3 Re1 60.Re5+ Kf6 61.Ra5 Rg1 62.Kf4 Rf1+ 63.Ke4 Rg1 64.Kf3 Rf1+
65.Kg2 Re1 66.Kf2 Rb1 67.Rf5+ Kg6 68.Kf3 Rf1+ 69.Ke4 Rg1 70.Kf4 Rf1+ 71.Ke5 Rg1
72.Rf8 Kg7 73.Rf4 Kg6 74.e4 Ra1 75.Rf8 Ra5+ 76.Kf4 Ra1 77.Rg8+ Kf7 78.Rb8 Rf1+
79.Kg5 Re1 80.Rb7+ Ke6 81.Kg6 Rxe4 82.g5 Rg4 83.Rb1 Re4 84.Rf1 Ke7 85.Kg7 Ke8
86.g6 Rh4 87.Re1+ Kd7 88.Kg8 Rh2 89.g7 Rh4 90.Kf7 Rf4+ 91.Kg6 Rg4+ 92.Kf6 Rg2
93.Re5  1-0

[Event "Capablanca Mem Premier I"]
[Site "Havana CUB"]
[Date "2003.05.07"]
[Round "2"]
[White "Perez,Lu"]
[Black "Herraiz Hidalgo,H"]
[Result "1/2-1/2"]
[WhiteElo "2391"]
[BlackElo "2491"]

1.d4 f5 2.g3 Nf6 3.Bg2 g6 4.Nf3 Bg7 5.O-O O-O 6.c4 d6 7.Nc3 Qe8 8.Nd5 Nxd5
9.cxd5 c6 10.Qb3 cxd5 11.e4 Nc6 12.Qxd5+ e6 13.Qxd6 fxe4 14.Ne5 Qd8 15.Qxd8 Rxd8
16.Nxc6 bxc6 17.Bxe4 Ba6 18.Rd1 Rxd4 19.Rxd4 Bxd4 20.Be3 Bxe3 21.fxe3 Rb8
22.b3 c5 23.Rc1 Rb4 24.Bf3 c4 25.Bd1 cxb3 26.Bxb3 Bb7 27.Bxe6+ Kg7 28.Rc7+ Kf6
29.Bb3 h5 30.Rf7+ Ke5 31.Re7+ Kf6 32.Re6+ Kf5 33.Rd6 a5 34.Bc2+ Ke5 35.Rxg6 Rb2
36.Rg5+ Kd6 37.Bb3 a4 38.Bxa4 Rxa2 39.Be8 Ra1+ 40.Kf2 Ra2+ 41.Kf1 Ba6+ 42.Kg1 Ra1+
43.Kf2 Ra2+ 44.Ke1 h4 45.gxh4 Re2+ 46.Kd1 Rxe3 47.Bb5 Bb7 48.Rg3 Re7 49.Rd3+ Kc5
50.Rb3 Bc6  1/2-1/2

[Event "National I"]
[Site "Clermont-Ferrand FRA"]
[Date "2003.05.09"]
[Round "9"]
[White "Hebden,M"]
[Black "Koch,JR"]
[Result "1-0"]
[WhiteElo "2526"]
[BlackElo "2479"]

1.d4 f5 2.g3 Nf6 3.Bg2 g6 4.Nf3 Bg7 5.O-O O-O 6.c4 d6 7.Nc3 Qe8 8.d5 a5 9.Be3 h6
10.Nb5 Na6 11.Qd2 Ne4 12.Qxa5 Bxb2 13.Bxh6 Bxa1 14.Bxf8 Bf6 15.Bh6 Bd7 16.Nd2 Nac5
17.Qxc7 Bxb5 18.Nxe4 fxe4 19.cxb5 Qxb5 20.Be3 Qxe2 21.Bxc5 dxc5 22.d6 exd6
23.Qxd6 Kg7 24.Qxc5 Rxa2 25.Qc7+ Kh6 26.Qf4+ Kg7 27.Bxe4 b5 28.Qc7+ Kf8 29.Bd5  1-0

[Event "National I"]
[Site "Clermont-Ferrand FRA"]
[Date "2003.05.09"]
[Round "9"]
[White "Spielmann,Al"]
[Black "Nguyen Chi Minh"]
[Result "1-0"]
[WhiteElo "2319"]
[BlackElo "2383"]

1.Nf3 f5 2.c4 Nf6 3.g3 g6 4.Bg2 Bg7 5.O-O O-O 6.d4 d6 7.Nc3 Nc6 8.d5 Na5
9.Qa4 b6 10.Qc2 Bd7 11.b3 c5 12.dxc6 Nxc6 13.Bb2 Rc8 14.Qd2 h6 15.Rad1 g5
16.Nd5 Ne4 17.Qc1 e5 18.Qb1 Ne7 19.Nxe7+ Qxe7 20.Ne1 Nc5 21.Nd3 a5 22.Nxc5 dxc5
23.Bd5+ Kh8 24.f3 g4 25.fxg4 f4 26.Qe4 Bxg4 27.Rxf4 exf4 28.Qxe7 Bxb2 29.Be4 Bg7
30.Rd6 Bf5 31.Bxf5 Rxf5 32.Rd8+ Rxd8 33.Qxd8+ Rf8 34.Qxb6 fxg3 35.hxg3 Bd4+
36.Kg2 Kg7 37.Qxa5 Rf2+ 38.Kh3 Rxe2 39.Qc7+ Kg6 40.Qd6+ Kg5 41.Qf4+  1-0

[Event "FSGM May"]
[Site "Budapest HUN"]
[Date "2003.05.11"]
[Round "9"]
[White "Horvath,P1"]
[Black "Hoang Thanh Trang"]
[Result "1/2-1/2"]
[WhiteElo "2456"]
[BlackElo "2445"]

1.d4 f5 2.c4 Nf6 3.g3 g6 4.Bg2 Bg7 5.Nf3 O-O 6.O-O d6 7.Nc3 Qe8 8.d5 a5 9.Be3 Na6
10.Qd2 Ng4 11.Bf4 Nc5 12.Nd4 Bd7 13.h3 Ne5 14.b3 Nf7 15.Rad1 c6 16.Be3 e5
17.dxe6 Bxe6 18.Nxe6 Qxe6 19.Bd4 Bxd4 20.Qxd4 Qe5 21.Qd2 Rae8 22.e3 Ne4 23.Nxe4 fxe4
24.Qd4 Re6 25.Qxe5 Rxe5 26.Rd4 Rfe8 27.h4 Kg7 28.Rfd1 h6 29.Kf1 g5 30.hxg5 hxg5
31.Ke2 c5 32.Rd5 g4 33.Rxe5 Rxe5 34.Rh1 Nh6 35.a3 Ng8 36.Rd1 Re6 37.b4 axb4
38.axb4 b6 39.Ra1 cxb4 40.Ra6 b5 41.cxb5 Nf6 42.b6 d5 43.Kd2 b3 44.Kc3 b2
45.Kxb2 Nd7 46.Kc3 Nxb6 47.Bf1 Rf6 48.Bb5 Kg6 49.Kd4 Kg5 50.Ra2 Nc8 51.Rc2 Ne7
52.Bd7 Ra6 53.Ke5 Ra5 54.Be6 Ng6+ 55.Kd4 Ne7 56.Rc7 Kf6 57.Bxg4 Ra2 58.f3 Rd2+
59.Kc3 Rd3+ 60.Kc2 Rxe3 61.Kd2 Ra3 62.fxe4 dxe4 63.Rc3 Ra2+ 64.Rc2 e3+ 65.Kd3 Rxc2
66.Kxc2  1/2-1/2

[Event "Capablanca Mem Premier I"]
[Site "Havana CUB"]
[Date "2003.05.11"]
[Round "6"]
[White "Ramirez,Al"]
[Black "Herraiz Hidalgo,H"]
[Result "1/2-1/2"]
[WhiteElo "2421"]
[BlackElo "2491"]

1.d4 f5 2.c4 Nf6 3.g3 g6 4.Bg2 Bg7 5.Nf3 O-O 6.O-O d6 7.Nc3 Qe8 8.d5 Na6
9.Rb1 Nc5 10.b4 Nce4 11.Bb2 e5 12.dxe6 Bxe6 13.Nxe4 fxe4 14.Nd2 Bf5 15.e3 Qe6
16.Qc2 Rae8 17.Rbd1 Rf7 18.Qa4 a6 19.b5 Nd7 20.Bxg7 Kxg7 21.bxa6 Nc5 22.Qa5 Nxa6
23.Rb1 Nc5 24.Nb3 Nxb3 25.Rxb3 b6 26.Qd5 Qf6 27.Qd4 Ra8 28.a3 Ra4 29.Rc1 h5
30.h3 Re7 31.Rcc3 Re5 32.Rb5 Ra5 33.Rxa5 Rxa5  1/2-1/2

[Event "Capablanca Mem Premier I"]
[Site "Havana CUB"]
[Date "2003.05.18"]
[Round "13"]
[White "Vilela,JL"]
[Black "Herraiz Hidalgo,H"]
[Result "1/2-1/2"]
[WhiteElo "2390"]
[BlackElo "2491"]

1.d4 f5 2.g3 Nf6 3.Bg2 g6 4.Nf3 Bg7 5.O-O O-O 6.c4 d6 7.Nc3 Qe8 8.d5 Na6
9.Rb1 Nc5 10.Nb5 Qd8 11.Nbd4 Bd7 12.Ng5 a5 13.Qc2 Qc8 14.Rd1 c6 15.b3 cxd5
16.cxd5 Nce4 17.Nxe4 fxe4 18.Bb2 Qxc2 19.Nxc2 Ng4 20.Bxg7 Kxg7 21.f3 Rac8
22.Rbc1 Rxc2 23.Rxc2 Ne3 24.Rdc1 Nxc2 25.Rxc2 exf3 26.exf3 Rc8 27.Rxc8  1/2-1/2

[Event "28th Keres Mem"]
[Site "Vancouver CAN"]
[Date "2003.05.19"]
[Round "7"]
[White "Niksic,J"]
[Black "Milicevic,D"]
[Result "1/2-1/2"]
[WhiteElo "2093"]
[BlackElo "2247"]

1.d4 f5 2.g3 g6 3.Bg2 Nf6 4.Nf3 Bg7 5.O-O O-O 6.c4 d6 7.Nc3 c6 8.b3 Qe8 9.Bb2 h6
10.Ne1 e5 11.dxe5 dxe5 12.e4 f4 13.Nd3 g5 14.f3 fxg3 15.hxg3 Nh5 16.Ne2 Na6
17.Qc2 Nc7 18.Rad1 Qe7 19.Qc1 b6 20.Qa1 Re8 21.Rd2 a5 22.a3 Ba6 23.Bh3 Bc8
24.Bxc8 Raxc8 25.Rfd1 Na6 26.Bc3 c5 27.Kg2 Nb8 28.Rh1 Nf6 29.g4 Nc6 30.Ng3 Rcd8
31.Nf5 Qf8 32.Qb2 Nd4 33.Bxd4 exd4 34.Re2 Re6 35.Qd2 Rde8 36.Nf2 Nd7 37.Nd3 Nb8
38.Ree1 Nc6 39.a4 Ne7 40.Kf2 Rg6 41.Re2 Nc6 42.Ke1 Be5 43.Kd1 Qf6 44.Rh3 Re6
45.Re1 Nb4 46.Reh1 Nxd3 47.Qxd3 Qf8 48.Kc2 Bg7 49.R3h2 Qb8 50.Rh3 Qf4 51.Kd1 Kh7
52.Qd2 Qe5 53.Qd3 Bf8 54.Kc2 Qf4 55.Kd1  1/2-1/2

[Event "ch-RUS w"]
[Site "Elista RUS"]
[Date "2003.05.20"]
[Round "3"]
[White "Demina,J"]
[Black "Slavina,I"]
[Result "1/2-1/2"]
[WhiteElo "2327"]
[BlackElo "2381"]

1.Nf3 f5 2.d4 Nf6 3.g3 g6 4.Bg2 Bg7 5.O-O O-O 6.c4 d6 7.Nc3 c6 8.Re1 Ne4
9.Qc2 Nxc3 10.bxc3 e5 11.dxe5 dxe5 12.e4 Na6 13.Ba3 Re8 14.Rad1 Qa5 15.Bd6 Nc5
16.Nd2 Nxe4 17.Nxe4 fxe4 18.c5 Be6 19.a4 b6 20.Bxe4 Rac8 21.cxb6 axb6 22.h4 b5
23.axb5 cxb5 24.Bb4 Qa2 25.Qxa2 Bxa2 26.Bd5+ Bxd5 27.Rxd5 e4 28.Rxb5 Bxc3
29.Bxc3 Rxc3 30.Rb4  1/2-1/2

[Event "ch-RUS w"]
[Site "Elista RUS"]
[Date "2003.05.21"]
[Round "4"]
[White "Zaiatz,E"]
[Black "Sterliagova,T"]
[Result "1/2-1/2"]
[WhiteElo "2339"]
[BlackElo "2223"]

1.d4 f5 2.g3 Nf6 3.Bg2 g6 4.Nf3 Bg7 5.O-O O-O 6.c4 d6 7.Nc3 Qe8 8.Nd5 Nxd5
9.cxd5 Qb5 10.Ng5 h6 11.Ne6 Bxe6 12.dxe6 d5 13.a4 Qc4 14.e3 Na6 15.Bd2 Qc6
16.Qb3 Rfd8 17.Rfc1 Qxe6 18.Ba5 b6 19.Qb5 Nc5 20.dxc5 c6 21.Qa6 bxa5 22.Rab1 Rdb8
23.b3 Rb4 24.Qxa5 Rab8 25.Qxa7 Kf7 26.Qa6 Rxb3 27.Rxb3 Rxb3 28.Rd1 Rb2 29.Qd3 Qc8
30.Rb1 Qb7 31.Rxb2 Qxb2 32.Bf1 Qb4 33.Qc2 Bc3 34.Ba6 Qxc5 35.Bb7 e6 36.a5 Qxa5
37.Bxc6 Qa1+  1/2-1/2

[Event "ch-RUS w"]
[Site "Elista RUS"]
[Date "2003.05.22"]
[Round "5"]
[White "Demina,J"]
[Black "Sterliagova,T"]
[Result "1-0"]
[WhiteElo "2327"]
[BlackElo "2223"]

1.d4 f5 2.Nf3 Nf6 3.g3 g6 4.Bg2 Bg7 5.O-O O-O 6.c4 d6 7.Nc3 Qe8 8.Re1 Qf7
9.b3 Ne4 10.Bb2 Nc6 11.Rc1 h6 12.d5 Ne5 13.Nxe5 Bxe5 14.f4 Bg7 15.Rc2 Nxc3
16.Bxc3 Bxc3 17.Rxc3 Qf6 18.Qd3 e5 19.dxe6 c6 20.b4 Bxe6 21.b5 Rac8 22.bxc6 bxc6
23.Ra3 Qe7 24.e4 Bf7 25.Rd1 fxe4 26.Bxe4 d5 27.cxd5 cxd5 28.Bxg6 Rfd8 29.Ra6 d4
30.Bxf7+ Qxf7 31.Rxh6 Rc3 32.Qe2 Kg7 33.Rh5 Rc6 34.Rg5+ Kf8 35.Qe5 Re6 36.Qc5+ Ke8
37.Rf5 Qg7 38.Qb5+ Ke7 39.Rd5  1-0

[Event "28th Elekes Mem GM"]
[Site "Budapest HUN"]
[Date "2003.05.23"]
[Round "7"]
[White "Danner,G"]
[Black "Hoang Thanh Trang"]
[Result "0-1"]
[WhiteElo "2377"]
[BlackElo "2445"]

1.d4 f5 2.g3 Nf6 3.Bg2 g6 4.Nf3 Bg7 5.O-O O-O 6.c4 d6 7.d5 Qe8 8.Nc3 a5 9.Be3 h6
10.Qd2 Kh7 11.Nb5 Qd8 12.Rac1 c6 13.Nc3 Bd7 14.dxc6 bxc6 15.c5 Ne4 16.Qd3 d5
17.Bd4 Na6 18.Na4 Nb4 19.Qd1 Bxd4 20.Qxd4 Nxa2 21.Ra1 Nb4 22.Rfc1 Ra7 23.Ne5 Qc7
24.Ra3 Be6 25.f3 Nf6 26.Nb6 Rb8 27.Re3 Na6 28.Nxg6 Kxg6 29.Rxe6 Nxc5 30.Nxd5 Nxe6
31.Qe3 Qd7 32.Nxe7+ Qxe7 33.Rxc6 Nd8 34.Rxf6+ Qxf6  0-1

[Event "I Carvalho Mem Masters"]
[Site "Maia POR"]
[Date "2003.06.25"]
[Round "4"]
[White "Santos,CP"]
[Black "Spraggett,K"]
[Result "1/2-1/2"]
[WhiteElo "2414"]
[BlackElo "2526"]

1.d4 f5 2.Nf3 Nf6 3.g3 g6 4.Bg2 Bg7 5.O-O O-O 6.c4 d6 7.Nc3 c6 8.d5 e5 9.e4 cxd5
10.cxd5 Na6 11.exf5 gxf5 12.Ng5 Qe7 13.Be3 Nc7 14.Qb3 Ng4  1/2-1/2

[Event "It"]
[Site "Brno CZE"]
[Date "2003.06.28"]
[Round "1"]
[White "Splosnov,S"]
[Black "Wiley,To"]
[Result "1/2-1/2"]
[WhiteElo "2377"]
[BlackElo "2319"]

1.Nf3 f5 2.d4 Nf6 3.g3 g6 4.Bg2 Bg7 5.O-O O-O 6.c4 d6 7.Nc3 Qe8 8.Nd5 Nxd5
9.cxd5 Nd7 10.Qc2 Nb6 11.Qxc7 Nxd5 12.Qc4 e6 13.Bd2 Bd7 14.Qb3 Bc6 15.Rac1 Qd7
16.Rfe1 Rae8 17.Bc3 Rc8 18.Bd2 Nf6 19.Ng5 Bxg2 20.Kxg2 d5 21.Nf3 Ne4 22.Bf4 Rxc1
23.Rxc1 Rc8 24.Ne5 Bxe5 25.Rxc8+ Qxc8 26.Bxe5 Qd7 27.Qb4 Kf7 28.h4 Nf6 29.Bxf6 Kxf6
30.Qf8+ Qf7 31.Qb8 a6 32.Kf3 Kg7 33.Qd6 h6 34.e3 g5 35.hxg5 hxg5 36.Ke2 Kf6
37.Kd2 Qe7 38.Qxe7+ Kxe7 39.Kc3 Kd6 40.Kb4 b6  1/2-1/2

[Event "2nd Open"]
[Site "La Fere FRA"]
[Date "2003.07.02"]
[Round "7"]
[White "Maupin,V"]
[Black "Abeln,M"]
[Result "0-1"]
[WhiteElo "2004"]
[BlackElo "2270"]

1.d4 f5 2.c4 Nf6 3.g3 g6 4.Bg2 Bg7 5.Nf3 O-O 6.O-O d6 7.Nc3 Qe8 8.d5 Na6
9.Nd4 Nc5 10.Rb1 a5 11.a3 Bd7 12.b3 c6 13.dxc6 bxc6 14.b4 axb4 15.axb4 Nce4
16.Nxe4 Nxe4 17.Qd3 Qf7 18.Nf3 Be6 19.Nd2 d5 20.cxd5 cxd5 21.Nf3 d4 22.Bb2 Bc4
23.Qd1 Ra2 24.Re1 Rd8 25.Qc1 Nc3 26.Bxc3 dxc3 27.e3 c2  0-1

[Event "2nd Open"]
[Site "La Fere FRA"]
[Date "2003.07.04"]
[Round "9"]
[White "Sarakauskas,G"]
[Black "Abeln,M"]
[Result "1-0"]
[WhiteElo "2396"]
[BlackElo "2270"]

1.Nf3 f5 2.d4 Nf6 3.c4 g6 4.g3 Bg7 5.Bg2 O-O 6.O-O d6 7.Nc3 Qe8 8.b3 a5 9.Bb2 Na6
10.Qd2 c6 11.Rfe1 Nc7 12.Qc2 e5 13.dxe5 dxe5 14.e4 Nh5 15.exf5 Bxf5 16.Ne4 Qe7
17.Qc3 Rfe8 18.Rad1 Bg4 19.Qc1 Ne6 20.Ba3 c5 21.Rd5 Bxf3 22.Bxf3 b6 23.Qd1 Nd4
24.Bxh5 gxh5 25.Qxh5 Rf8 26.Rd1 Rf5 27.Qg4 Raf8 28.R1xd4 h5 29.Qg6 Rxf2 30.Rd7  1-0

[Event "1st Stage Russian Cup"]
[Site "Tomsk RUS"]
[Date "2003.07.04"]
[Round "1"]
[White "Lavrov,S"]
[Black "Lomako,A"]
[Result "1-0"]
[WhiteElo "2414"]
[BlackElo "2168"]

1.d4 f5 2.g3 Nf6 3.Bg2 g6 4.Nf3 Bg7 5.O-O O-O 6.c4 d6 7.Nc3 Qe8 8.d5 a5 9.Rb1 Na6
10.b3 h6 11.Bb2 g5 12.Nd4 f4 13.e3 Ng4 14.exf4 gxf4 15.Ne6 Bxe6 16.dxe6 Ne5
17.Bxb7 f3 18.Na4 Qh5 19.Bxe5 Bxe5 20.Bxa8 Rxa8 21.Re1 Rf8 22.Re3 Qg4 23.c5 Rf5
24.Rc1 d5 25.a3 c6 26.Nb6 h5 27.Nd7 Bg7 28.Qf1 Nc7 29.Rce1 Bd4 30.Ne5 Qg7
31.Nxf3 Bxe3 32.Rxe3 d4 33.Rd3 Nxe6  1-0

[Event "FSIM July"]
[Site "Budapest HUN"]
[Date "2003.07.08"]
[Round "4"]
[White "Husari,Sa"]
[Black "Wendt,J"]
[Result "1/2-1/2"]
[WhiteElo "2355"]
[BlackElo "2291"]

1.d4 f5 2.g3 Nf6 3.Bg2 g6 4.Nf3 Bg7 5.O-O O-O 6.c4 d6 7.Nc3 Qe8 8.d5 Na6
9.Nd4 Bd7 10.Rb1 c6 11.e3 e5 12.dxe6 Bxe6 13.b3 Nc5 14.Bb2 Bf7 15.Qc2 Qe7
16.Rbd1 Rad8 17.Nde2 Rfe8 18.Nc1 Nce4 19.Nxe4 fxe4 20.Ne2 g5 21.h3 Bg6 22.b4 c5
23.a3 Qe6 24.Rd2 b6 25.Rfd1 Rd7 26.Bf1 h5 27.Nc3 Bf5 28.Nd5 Rf8 29.Bxf6 Bxf6
30.Nxf6+ Qxf6 31.Rd5 Rfd8 32.Bg2 Rf7 33.Rf1 Kf8 34.Kh2 Qe6 35.Rfd1 Ke7 36.Qd2 Rd7
37.Qc2 Kd8 38.R1d2 Kc7 39.Qc3 Bg6 40.bxc5 dxc5 41.Rxd7+ Rxd7 42.Rxd7+ Kxd7
43.Qg7+ Qf7 44.Qe5 Qxf2 45.Qd5+ Kc7 46.Qxg5 Qf7 47.Qe5+ Kd7 48.h4 Bf5 49.Qb8 Kc6
50.Qa8+ Kd6 51.a4 Qxc4 52.Qxa7 Kc6 53.Qa8+ Kc7 54.Qa7+ Kc6 55.Qa8+ Kc7  1/2-1/2

[Event "Andorra"]
[Site "Andorra la Vella AND"]
[Date "2003.07.09"]
[Round "5"]
[White "Avrukh,B"]
[Black "Van Blitterswijk,S"]
[Result "1-0"]
[WhiteElo "2557"]
[BlackElo "2412"]

1.d4 f5 2.g3 Nf6 3.Bg2 g6 4.Nf3 Bg7 5.O-O O-O 6.c4 d6 7.Nc3 c6 8.b3 Qa5 9.Rb1 e5
10.b4 Qc7 11.dxe5 dxe5 12.Qb3 Kh8 13.b5 Be6 14.Ba3 Re8 15.Rfd1 e4 16.Bd6 Qc8
17.Nd4 Bg8 18.Qb4 b6 19.Qa4 c5 20.Nc2 Nbd7 21.Ne3 Ne5 22.Bxe5 Rxe5 23.Rd6 Re7
24.Rbd1 Qc7 25.Rc6 Qe5 26.Ncd5 Nxd5 27.Nxd5 Bxd5 28.Rxd5 Qc3 29.e3 Rf8 30.h4 f4
31.gxf4 Bf6 32.Qd1 Bxh4 33.Rd8 Ree8 34.Rd7 Rf5 35.Rcc7 Rh5 36.Bf1 Qf6 37.Qg4 Rg5
38.Rxh7+ Kg8 39.Rcg7+ Kf8 40.Rf7+ Kg8 41.fxg5  1-0